<?xml version="1.0" encoding="UTF-8"?>
<collection xmlns="http://www.loc.gov/MARC21/slim">
 <record>
  <leader>     na                 </leader>
  <controlfield tag="001">INLIS000000000002044</controlfield>
  <controlfield tag="005">20220421092352</controlfield>
  <datafield tag="035" ind1=" " ind2=" ">
   <subfield code="a">0010-0422001171</subfield>
  </datafield>
  <datafield tag="245" ind1="1" ind2=" ">
   <subfield code="a">Hantu di Rumah Kos /</subfield>
   <subfield code="c">Dini W.Tamam &amp; Erby S.</subfield>
  </datafield>
  <datafield tag="100" ind1="0" ind2=" ">
   <subfield code="a">Dini W.Tamam &amp; Erby S.</subfield>
  </datafield>
  <datafield tag="250" ind1=" " ind2=" ">
   <subfield code="a">1</subfield>
  </datafield>
  <datafield tag="300" ind1=" " ind2=" ">
   <subfield code="a">149 :</subfield>
   <subfield code="b">Ilus ;</subfield>
   <subfield code="c">20,2</subfield>
   <subfield code="e">Buku</subfield>
  </datafield>
  <datafield tag="856" ind1=" " ind2=" ">
   <subfield code="a">Perpustakaan Ibnu Sina MIN 7 Blitar</subfield>
  </datafield>
  <datafield tag="260" ind1=" " ind2=" ">
   <subfield code="a">Jakarta :</subfield>
   <subfield code="b">PT. Gramedia Pustaka Utama,</subfield>
   <subfield code="c">2018</subfield>
  </datafield>
  <datafield tag="082" ind1=" " ind2=" ">
   <subfield code="a">398.2</subfield>
  </datafield>
  <datafield tag="084" ind1=" " ind2=" ">
   <subfield code="a">398.2 DIN h</subfield>
  </datafield>
  <datafield tag="020" ind1=" " ind2=" ">
   <subfield code="a">978-602-06-2124-1</subfield>
  </datafield>
  <datafield tag="600" ind1=" " ind2="4">
   <subfield code="a">Dini W.Tamam &amp; Erby S.</subfield>
  </datafield>
  <controlfield tag="008">220421                g          0 ind  </controlfield>
  <datafield tag="990" ind1=" " ind2=" ">
   <subfield code="a">00000009732</subfield>
  </datafield>
 </record>
</collection>
